000 00554nam a2200229Ia 4500
003 OSt
005 20221005124610.0
006 a|||||r|||| 00| 0
007 ta
008 221004b |||||||| |||| 00| 0 kan d
024 _a60060
037 _cTextual
040 _aCRL
_cCRL
_bkan
041 _2kan
_akan
082 _aO33,1NBE,2, J2
100 _aBihigiri Au.
_9635486
245 0 _aNandana
260 _c1952
650 _aKANNAD POETRY
942 _hO33,1NBE,2, J2
_cTEXL
_2cc
999 _c1050958
_d1050958